000 00587nam a2200193 a 4500
001 000035492
005 20200930074401.0
008 111102s1985 mx 000 f spa d
040 _aDO-SdBNP
_bspa
_cBNPHU
041 1 7 _aspa
_hger
100 1 _aHesse, Hermann,
_d1877-1962
_93301
245 1 0 _aSiddharta /
_cHermann Hesse ; traducido por Carmen Grossi.
250 _aEd. completa
260 _a[México] :
_b[Imp. Poligráfica],
_c1985.
300 _a169 p. ;
_c21 cm.
650 2 4 _aNovela alemana
_93302
650 2 4 _aLiteratura alemana
_93274
700 1 _aGrossi, Carmen,
_etrad.
_961367
999 _c34983
_d34983